=LDR 00000nam 2200000 4500 =001 INLIS000000000024670 =005 20130612123236 =008 ***********************************ind** =035 ##$$0010-061300000024670 =041 ##$$a ind =082 ##$$a 370.1 =090 ##$$a 370.1, THE p =100 ##$$a The Liang gie =245 ##$$a Pendidikan ilmu di negara Indonesia, Sebuah saran, The Liang Gie =260 ##$$a 1988 $b Yogyakarta =300 ##$$a 106 hlm., 23 cm =650 ##$$a Ilmu Pendidikan =850 ##$$a NBPNMAT